Normal view
MARC view
- Eyvind H. Wichmann
Entry Personal Name
001 - CONTROL NUMBER
- control field: 23725
003 - CONTROL NUMBER IDENTIFIER
- control field: NUST
005 - DATE AND TIME OF LATEST TRANSACTION
- control field: 20191014124803.0
008 - FIXED-LENGTH DATA ELEMENTS
- fixed length control field: 191014|| aca||aabn | a|a d
040 ## - CATALOGING SOURCE
- Original cataloging agency: NUST
- Transcribing agency: NUST
100 ## - HEADING--PERSONAL NAME
- Personal name: Eyvind H. Wichmann
670 ## - SOURCE DATA FOUND
- Source citation: Work cat.: (NUST): Eyvind H. Wichmann, Quantum Physics Berkeley Physics Cource Vol-4, 1972
